000 01034nam a2200301 a 4500
001 000007563
003 DO-SdBPM
005 20260324092954.0
007 ta
008 090909s1998 dr ab 001 0 spa d
040 _aDO-SdBPM
_bspa
_cBPMSU
_drda
082 0 4 _a551.22
_bC822L 1998
_222
100 1 _aCorominas Pepín, Rafael A.,
_d1928-
_eautor
_4aut.
245 1 0 _aLecturas para gente de un país que espera su terremoto /
_cRafael A. Corominas Pepín.
264 _aSanto Domingo :
_bEl Nuevo Diario,
_c1998.
300 _a384 páginas :
_bilustraciones, mapas ;
_c21 cm.
336 _atexto
_btxt
_2rdacontent
337 _asin mediación
_bn
_2rdamedia
338 _avolumen
_bnc
_2rdacarrier
504 _aBibliografía : páginas 383-384
590 _aInventariado, 2026/VM
650 7 _aTerremotos
_zRepública Dominicana
650 7 _aIngeniería sísmica
_zRepública Dominicana
650 7 _aPredicción sísmica
650 7 _aDesastres naturales
910 _aVMateo V. Control de calidad BPMSU
942 _2ddc
_cBK
999 _c15764
_d15764